| 000 | 00000nam##2200000za#4500 |
| 001 | 9.625204 |
| 003 | CaOODSP |
| 005 | 20210420090205 |
| 007 | ta |
| 008 | 150406|2000||||xxc||||| f|0| 0 fre|d |
| 020 | |a0-662-84255-3 |
| 040 | |aCaOODSP|bfre |
| 043 | |an-cn--- |
| 086 | 1 |aH42-2/67-14-1999F |
| 110 | 1 |aCanada. |bDirection générale des produits de santé et des aliments. |
| 245 | 10|aÉvaluation de la cancérogénicité des produits pharmaceutiques |
| 260 | |aOttawa - Ontario : |bSanté Canada. |c2000. |
| 300 | |aii, 10p. ; |c28 cm. |
| 490 | 1 |aLigne directrice à l'intention de l'industrie |vICH thème S1B |
| 563 | |aFeuilles mobiles |
| 590 | |a01-25|b2001-06-22 |
| 691 | 07|aTest|2gcpds |
| 691 | 07|aMédicament|2gcpds |
| 691 | 07|aCancer|2gcpds |
| 691 | 07|aIndustrie pharmaceutique|2gcpds |
| 776 | 0#|tÉvaluation de la cancérogénicité des produits pharmaceutiques |w(CaOODSP)9.603791 |
| 830 | #0|aLigne directrice à l'intention de l'industrie ;|vICH thème S1B|w(CaOODSP)9.513090 |